Państwa w których Marihuana jest legalna - Statystyki

Ogólne statystyki
  • Ten quiz został rozwiązany 308 razy
  • Średni wynik to 15 z 35
Statystyki odpowiedzi
Państwo % Poprawnych
Dozwolona Holandia
94%
Legalna Stany Zjednoczone
88%
Legalna Kanada
81%
Dozwolona Czechy
72%
Dozwolona Meksyk
72%
Dozwolona Jamajka
68%
Dozwolona Kolumbia
60%
Dozwolona Argentyna
57%
Legalna Australia
56%
Dozwolona Belgia
56%
Dozwolona Portugalia
54%
Dozwolona Chile
53%
Legalna Urugwaj
51%
Legalna Południowa Afryka
48%
Dozwolona Ekwador
44%
Dozwolona Paragwaj
44%
Dozwolona Szwajcaria
42%
Dozwolona Austria
39%
Dozwolona Boliwia
39%
Dozwolona Luksemburg
36%
Dozwolona Chorwacja
32%
Dozwolona Dominika
32%
Dozwolona Kostaryka
32%
Dozwolona Słowenia
30%
Dozwolona Malta
29%
Legalna Gruzja
24%
Dozwolona Estonia
21%
Dozwolona Trynidad i Tobago
21%
Dozwolona Izrael
20%
Legalna Barbados
18%
Dozwolona Belize
17%
Dozwolona Saint Kitts i Nevis
15%
Dozwolona Saint Vincent i Grenadyny
14%
Dozwolona Antigua i Barbuda
12%
Dozwolona Bermudy
7%
Nie znaleziono quizów pasujących do podanych kryteriów
Rozkład punktacji
Procent ludzi z każdym wynikiem
Percentyl według liczby udzielonych odpowiedzi
Twoja historia wyników
Nie rozwiązałeś tego quizu